000 00532nam a2200181Ia 4500
999 _c28310
_d28310
003 OSt
005 20201222123219.0
008 190216s9999||||xx |||||||||||||| ||und||
020 _a9798124014508
040 _coclc
082 _a894.8128
_bPRA/M
100 _aPrabhakaravarier, K M
_97153
245 0 _aMalayalam Mattavum Valarchayum /
_cK M Prabhakaravarier
260 _bCurrent Books,
_c2004.
_aKottayam:
300 _a152p
650 _aLekhanam
942 _cBK
_2ddc
_h894.8128
_iPRA/M
_k894.8128
_mPRA/M